Velký průvodce protokoly TCP/IP a systémem DNS
Guardado en:
| Autor principal: | |
|---|---|
| Formato: | Libro |
| Lenguaje: | checo |
| Publicado: |
Praha :
Computer Press,
2003
|
| Edición: | 2.aktual.vyd. |
| Materias: | |
| Etiquetas: |
Sin Etiquetas, Sea el primero en etiquetar este registro!
|
MARC
| LEADER | 00000nam a22000003a 4500 | ||
|---|---|---|---|
| 001 | stu114410 | ||
| 005 | 20150617225846.0 | ||
| 008 | 060314s2003----xr------------------cze-d | ||
| 020 | |a 80-7226-849-X | ||
| 040 | |a STU |b slo | ||
| 041 | 0 | |a cze | |
| 044 | |a xr | ||
| 080 | |a 004.72.057.4 | ||
| 100 | 1 | |a Dostálek, Libor |4 aut | |
| 245 | 1 | |a Velký průvodce protokoly TCP/IP a systémem DNS | |
| 250 | |a 2.aktual.vyd. | ||
| 260 | |a Praha : |b Computer Press, |c 2003 | ||
| 300 | |a 571 s | ||
| 650 | 7 | |a Internet-protokoly sieťové TCP/IP |2 stusub | |
| 650 | 7 | |a architektúra sieťová |2 stusub | |
| 996 | |b 284EK86204 |c E*86204 |l EE01 |s A |a 24 |w stu114410_0001 | ||